000 01005nam0a22002771 4500
001 v19\rc\1847386
005 20260406110544.0
035 _a(NLR Aleph) 004943559
090 _a5806912
_c5806912
100 _a20080221d1909 u y0rusy50 ca
101 0 _arus
102 _aRU
105 _aa z |||||
200 1 _aУстройство водопровода и электрического освещения в городе Сарапуле
_fН.Н. Блинов
210 _aСарапул
_cТипо-лит. И.М. Колчина
_d1909
215 _a36 с., 1 л. ил.
_d21
700 1 _8rus
_7ca
_aБлинов
_bН. Н.
_cэтнограф, писатель
_f1839-1917
_gНиколай Николаевич
_3RU\NLR\AUTH\77110047
_992972
801 0 _aRU
_bNLR
_gpsbo
801 0 _aRU
_bRuMoRGB
_2psbo
801 1 _aRU
_bProSoft-M
_2rusmarc
801 2 _aRU
_bNLR
_c20130828
_2rusmarc
852 _aNLR
_j69-4/31361
899 _aRuMoRGB
_jU 241/2115
899 _aRuMoRGB
_jU 484/663
942 _cBOOK
980 _aNB